Personalities Nobles (Record no. 65213)

MARC details
000 -LEADER
fixed length control field 00203nam a22001097a 4500
082 ## - DEWEY DECIMAL CLASSIFICATION NUMBER
Classification number 297.925SAI
100 ## - MAIN ENTRY--AUTHOR NAME
Personal name Said
245 ## - TITLE STATEMENT
Title Personalities Nobles
260 ## - PUBLICATION, DISTRIBUTION, ETC. (IMPRINT)
Place of publication karachi
300 ## - PHYSICAL DESCRIPTION
Number of Pages 59p
942 ## - ADDED ENTRY ELEMENTS (KOHA)
Koha item type Books
Holdings
Withdrawn status Lost status Home library Current library Date acquired Full call number Accession Number Koha item type
    Reference Section Reference Section 09/07/2019 297.925SAI (Shelf -19B) R14036 Books